000 00579nam a2200193Ii 4500
003 JO-AjNU
008 230606s9999||||xx |||||||||||||| ||und||
040 _aJO-AjNU
_beng
_erda
_cJO-AjNU
041 _aeng
050 1 4 _aPR2819.A2.H25 1964
100 3 _aHarbage, Alfred (editor),
_eauthor
_95564
245 0 0 _ashakespare the tragdies :A Collection Of Critical Essays
264 3 1 _aAmerica: Prentice hall , 1964
300 _a180p
336 _atext
_btxt
_2rdacontent
337 _aunmediated
_bn
_2rdamedia
338 _avolume
_bnc
_2rdacarrier
650 4 _atragedies
_95565
999 _aE2879
_c2877
_d2877